Loading...
| Literature - European | 0 | 2 | 0 | 0 | 20 | 46 | 49.00 | 1 | 2 | 10.61 | 15.70 |
| Mythology | 0 | 2 | 0 | 2 | 20 | 118 | 119.50 | 0 | 0 | 0.00 | 1.67 |
| Literature - American | 0 | 1 | 0 | 0 | 10 | 50 | 50.00 | 1 | 1 | 5.03 | 9.09 |
| Literature - British | 0 | 1 | 0 | 0 | 10 | 109 | 109.00 | 0 | 0 | 1.23 | 2.27 |
| Literature - World | 0 | 1 | 0 | 0 | 10 | 117 | 117.00 | 0 | 0 | 0.23 | 2.73 |
| Philosophy | 0 | 1 | 0 | 0 | 10 | 60 | 60.00 | 0 | 1 | 4.94 | 7.41 |
| Fine Arts - Other | 0 | 1 | 0 | 0 | 10 | 77 | 77.00 | 0 | 0 | 3.58 | 2.73 |
| Popular Culture | 0 | 1 | 0 | 0 | 10 | 47 | 47.00 | 0 | 1 | 10.19 | 13.64 |
| Fine Arts - Painting and Sculpture | 0 | 1 | 0 | 1 | 10 | 117 | 117.00 | 0 | 0 | 0.00 | 0.76 |